000
00341nam a2200157Ia 4500
005
20250423095515.0
008
250422s9999 xx 000 0 und d
020
_a
9988097073
050
_a
DT 510 .A66/
245
0
_a
Ghana at 50
260
_a
Ghana
260
_b
Government of Ghana
260
_c
2007
300
_a
144 p
942
_c
BK
999
_c
30485
_d
30485